[Event "Simferopol/Alushta"]
[Site "Alushta"]
[Date "1992.??.??"]
[Round "?"]
[White "Yilmaz, Turham"]
[Black "Malaniuk, Vladimir P"]
[Result "0-1"]
[WhiteElo "2385"]
[BlackElo "2540"]

1.e4 d6 2.d4 Nf6 3.Nc3 e5 4.Nge2 c6 5.f3 Be7 6.g4 Nfd7 7.d5 h5 8.gxh5 Rxh5
9.Ng3 Bh4 10.Bg2 Nf6 11.Be3 c5 12.Qd2 Rh7 13.Bg5 Bxg5 14.Qxg5 Nh5 15.Qxd8+ Kxd8
16.Nxh5 Rxh5 17.h4 Nd7 18.Bh3 Rxh4 19.Kf2 Nf8 20.Bxc8 Rxh1 21.Rxh1 Kxc8 22.Rh8 Kd7
23.Rg8 g6 24.Nd1 Ke7 25.Ne3 Rb8 26.Nc4 Nd7 27.Rxb8 Nxb8 28.Kg3 b5 29.Na5 Kd7
30.Kg4 f6 31.c3 Kc7 32.b4 a6 33.a3 Nd7 34.Nc6 c4 35.Ne7 Nb6 36.Nxg6 Na4 37.Ne7 Nxc3
38.Nc6 Nb1  0-1

[Event "ARG-ch"]
[Site "ARG"]
[Date "1992.??.??"]
[Round "?"]
[White "Cid, Marino Alejandro"]
[Black "Rubinetti, Jorge A"]
[Result "1/2-1/2"]
[WhiteElo "2425"]
[BlackElo "2450"]

1.e4 d6 2.d4 Nf6 3.Nc3 e5 4.Nge2 Be7 5.h3 O-O 6.g3 c6 7.Bg2 b5 8.a3 a6 9.O-O Nbd7
10.b3 Bb7 11.Bb2 Re8 12.g4 h6 13.Qd2 Bf8 14.Ng3 g6 15.Rad1 Qc7 16.Ba1 Rad8
17.a4 b4 18.Nb1 c5 19.d5 Bg7 20.Bf3 Bc8 21.c4 Nh7 22.Bg2 Rf8 23.Qc2 Rde8
24.Nd2 Qd8 25.Bb2 Bf6 26.Nf3 Kg7 27.Bc1 Rh8 28.Be3 Bg5 29.Qd2 a5 30.Rfe1 Nb6
31.Nh2 Qe7 32.Rc1 Rhf8 33.Nf3 Bd7 34.Nh2 Kh8 35.Nf3 Rg8 36.Kh1 Bc8 37.Ra1 Ref8
38.Nh2 Bd7 39.Nf3 Qd8 40.Rad1 Nf6 41.Ra1 Ne8 42.Rad1 Nc7 43.Kh2 Ne8 44.Rh1 Ng7
45.Rdf1 f5 46.Nxg5 hxg5 47.exf5 gxf5 48.gxf5 Nxf5 49.Nxf5 Bxf5 50.f3 Qf6
51.Kg1 Rg6 52.Rf2 Rh6 53.Kf1 Rh4 54.Ke1 Bg6 55.Bf1 Qf5 56.Rg1 Qb1+ 57.Qd1 Qxd1+
58.Kxd1 Bh5 59.Rg3 Rf5 60.Ke1 Bg6 61.Bd3  1/2-1/2

[Event "ARG-ch"]
[Site "ARG"]
[Date "1992.??.??"]
[Round "?"]
[White "Rosito, Jorge"]
[Black "Franco Ocampo, Zenon"]
[Result "1-0"]
[WhiteElo "2345"]
[BlackElo "2520"]

1.e4 d6 2.d4 Nf6 3.Nc3 e5 4.Nf3 Nbd7 5.Bc4 Be7 6.O-O O-O 7.Re1 c6 8.a4 b6
9.d5 c5 10.a5 a6 11.axb6 Nxb6 12.Nd2 Ne8 13.Qe2 g6 14.Nb3 Nxc4 15.Qxc4 Bg5
16.Na5 Bxc1 17.Rexc1 Ng7 18.b4 cxb4 19.Qxb4 Qg5 20.Qxd6 Bh3 21.g3 Qg4 22.Qf6 Nf5
23.Nc4 Rfe8 24.exf5 Qxc4 25.fxg6 hxg6 26.Ra4  1-0

[Event "Asuncion"]
[Site "Asuncion"]
[Date "1992.??.??"]
[Round "7"]
[White "Salazar, Hernan"]
[Black "Franco Ocampo, Zenon"]
[Result "1/2-1/2"]
[WhiteElo "2380"]
[BlackElo "2525"]

1.e4 d6 2.d4 Nf6 3.Nc3 e5 4.Nf3 Nbd7 5.Bc4 Be7 6.O-O O-O 7.a4 c6 8.Ba2 b6
9.Qe2 a6 10.Rd1 Qc7 11.h3 Rb8 12.d5 c5 13.Bc4 Ra8 14.Rb1 Nh5 15.g3 g6 16.Bh6 Ng7
17.Ng5 Nf6 18.Kg2 Kh8 19.f4 Ng8 20.Bxg7+ Kxg7 21.Nf3 Qd7 22.Rh1 exf4 23.gxf4 Nf6
24.Qe3 Nh5 25.Be2 Kh8 26.Nd2 Bf6 27.e5 dxe5 28.fxe5 Qe7 29.Bxh5 gxh5 30.Nc4 Bh4
31.Kh2 Bf5 32.Rbf1 Bxc2 33.Rhg1 Rae8 34.Nxb6 Bg6 35.Nc4 Rb8 36.Rg2 Rb4 37.Nd6 f5
38.Rxg6 f4 39.Qxc5 Rxb2+ 40.Rg2 Rxg2+ 41.Kxg2 f3+ 42.Kh1 Qg7 43.Qg1 Qxe5
44.Nde4 Qf5 45.Qh2 f2 46.Nd2 Bg5 47.Nde4 Bh4 48.Nd2 Bg5 49.Nde4 Bh4  1/2-1/2

[Event "AUT-chT"]
[Site "AUT"]
[Date "1992.??.??"]
[Round "?"]
[White "Strauss, Anton"]
[Black "Roth, Peter"]
[Result "0-1"]
[WhiteElo "2225"]
[BlackElo "2325"]

1.e4 d6 2.d4 Nf6 3.Nc3 c6 4.Be2 Qa5 5.Bd2 Qb6 6.Nf3 Bg4 7.e5 dxe5 8.dxe5 Nd5
9.O-O e6 10.Na4 Qc7 11.c4 Nb4 12.a3 N4a6 13.Qe1 Nd7 14.Ba5 b6 15.Bc3 Be7
16.b4 O-O 17.h3 Bh5 18.Nd4 Bxe2 19.Qxe2 c5 20.Nxe6 fxe6 21.b5 Rf5 22.bxa6 Raf8
23.Nb2 Qc6 24.Rae1 Bh4 25.g3 Rf3 26.Nd1 Nb8 27.Qe4 Bg5 28.Qxc6 Nxc6 29.h4 Bh6
30.Kg2 Nb8 31.Ne3 Bxe3 32.Rxe3 Rxe3 33.fxe3 Rxf1 34.Kxf1 Nxa6 35.Ke2 Kf7
36.Kf3 Nb8 37.g4 Nc6 38.Ke4 Kg6 39.Kf4 h5 40.g5 a6 41.a4 Kf7 42.Ke4 Nb4 43.Kf4 g6
44.Kf3 Ke7 45.Ke2 Kd7 46.Be1 Kc6 47.Kd2 b5 48.axb5+ axb5 49.Kc3 Kb6 50.Kb3 Nc6  0-1

[Event "AUT-chT"]
[Site "AUT"]
[Date "1992.??.??"]
[Round "?"]
[White "Wirius, Stefan"]
[Black "Denk, Adolf"]
[Result "1-0"]
[WhiteElo "2250"]
[BlackElo "2255"]

1.d4 d6 2.e4 Nf6 3.Nc3 c6 4.f3 e5 5.Nge2 Be7 6.Be3 Nbd7 7.Qd2 Qa5 8.Nc1 exd4
9.Bxd4 Ne5 10.Nb3 Qc7 11.a4 Be6 12.Qf2 c5 13.Nb5 Qc8 14.Nxc5 Nxf3+ 15.gxf3 dxc5
16.Bxf6 gxf6 17.Qg3 a6 18.Nc7+ Kd7 19.Nxa8 Qxa8 20.Bh3 Qf8 21.O-O-O+ Kc8
22.Bxe6+ fxe6 23.Qg4 f5 24.exf5 exf5 25.Qc4 h5 26.Rhe1 Bd6  1-0

[Event "AUT-chT"]
[Site "AUT"]
[Date "1992.??.??"]
[Round "?"]
[White "Barbero, Gerardo F"]
[Black "Mokry, Karel"]
[Result "1-0"]
[WhiteElo "2485"]
[BlackElo "2535"]

1.d4 d6 2.e4 Nf6 3.Nc3 c6 4.f4 Qa5 5.Bd3 e5 6.Nf3 Bg4 7.Be3 Nbd7 8.Qd2 Bxf3
9.gxf3 g6 10.O-O-O Bg7 11.Kb1 O-O 12.fxe5 dxe5 13.dxe5 Nxe5 14.f4 Nxd3 15.cxd3 Rad8
16.Rhg1 Rd7 17.Qf2 Rfd8 18.Rg5 b5 19.e5 Nd5 20.Nxd5 Rxd5 21.Qc2 Qc7 22.d4 c5
23.Rdg1 c4 24.f5 f6 25.exf6 Bxf6 26.R5g4 Bxd4 27.fxg6 h6 28.Bxd4 Rxd4 29.Rxd4 Rxd4
30.g7 Qe5 31.Qh7+  1-0

[Event "Balatonbereny op"]
[Site "Balatonbereny"]
[Date "1992.??.??"]
[Round "1"]
[White "Leko, Peter"]
[Black "Lehmann, Zoltan"]
[Result "1-0"]
[WhiteElo "2460"]
[BlackElo "2230"]

1.e4 d6 2.d4 Nf6 3.Nc3 e5 4.Nf3 Nbd7 5.Bc4 Be7 6.O-O O-O 7.Re1 c6 8.a4 Qc7
9.h3 b6 10.d5 Bb7 11.dxc6 Bxc6 12.b3 Nc5 13.Bd5 Qb7 14.Bxc6 Qxc6 15.Bg5 Rfe8
16.Bxf6 Bxf6 17.Nd5 Be7 18.Qd2 Ne6 19.Rad1 Bf8 20.Re2 Rac8 21.g3 Nc7 22.Ne1 Nxd5
23.Qxd5 Qxd5 24.Rxd5 Rc5 25.Nd3 Rxd5 26.exd5 g6 27.Nb4 f5 28.Nc6 a5 29.c3 Bg7
30.b4 e4 31.bxa5 bxa5 32.c4 Kf8 33.Kf1 g5 34.Rc2 f4 35.gxf4 gxf4 36.c5 dxc5
37.d6 Bf6 38.d7 Re6 39.Rxc5 Rd6 40.Rf5 Kg7 41.Rxf6  1-0

[Event "Balatonbereny op"]
[Site "Balatonbereny"]
[Date "1992.??.??"]
[Round "8"]
[White "Zimmersmann, Rita"]
[Black "Szirmai, Eduard"]
[Result "1/2-1/2"]
[WhiteElo "2280"]
[BlackElo "2265"]

1.e4 d6 2.d4 Nf6 3.Nc3 c6 4.f4 Qa5 5.Bd3 e5 6.Nf3 Bg4 7.dxe5 dxe5 8.O-O Nbd7
9.Qe1 Bd6 10.f5 Bc5+ 11.Kh1 Bxf3 12.Rxf3 Bd4 13.Bc4 Qb4 14.Bd3 Nc5 15.Bd2 Nxd3
16.Rxd3 Qe7 17.Rg3 Nh5 18.Rg4 O-O-O 19.Rb1 f6 20.b4 Rd7 21.b5 Bxc3 22.Bxc3 c5
23.b6 a6 24.Bd2 Rhd8 25.Be3 Qd6 26.h3 Kb8 27.Kh2 Nf4 28.Qf2 Kc8 29.Rb3 Qd1
30.Rc3 Ne2 31.Rxc5+ Kb8 32.Rc7 h5 33.Rxg7 Rxg7 34.Rxg7 Qxc2 35.Qh4 Qc6 36.Qxh5 Nd4
37.Qf7 Rc8 38.h4 Qxe4 39.Rh7 Nxf5 40.Bd2 Nxh4 41.Qg7 Nf5 42.Qf7 Nd6 43.Qg7 Nc4
44.Rh8 Nxb6 45.Qxf6 Rxh8+ 46.Qxh8+ Ka7 47.Qh6 Nd5 48.Ba5 b6 49.Qg7+ Kb8 50.Qh8+ Kb7
51.Bd2 a5 52.Bg5 Nf4 53.Qg7+ Ka6 54.Bd8 Ne6 55.Qg8 Qf4+ 56.Kh3 Nxd8 57.Qxd8 Qh6+
58.Kg4 Qe6+ 59.Kf3 e4+ 60.Ke3 Qxa2 61.Qc8+ Kb5 62.Qf5+ Kb4 63.g4 Qb3+ 64.Kxe4 a4
65.Qf8+ Kc3 66.Qf6+ Kc2 67.Qf2+ Kb1 68.Qf1+ Kb2 69.Qf6+ Kb1  1/2-1/2

[Event "Bankia op"]
[Site "Bankia"]
[Date "1992.??.??"]
[Round "1"]
[White "Arnaudov, Petar"]
[Black "Zahariev, Zahari"]
[Result "0-1"]
[WhiteElo "2270"]
[BlackElo "2365"]

1.e4 d6 2.d4 Nf6 3.Nc3 c6 4.g3 Nbd7 5.Bg2 e5 6.Nge2 Be7 7.O-O b5 8.a3 a6
9.h3 O-O 10.Be3 Qc7 11.g4 Re8 12.Ng3 Nb6 13.g5 Nfd7 14.Nf5 Nc4 15.Bc1 Nf8
16.b3 Nb6 17.Be3 Ng6 18.Qg4 Bf8 19.dxe5 dxe5 20.Ne2 Ne7 21.Nxe7+ Bxe7 22.Qg3 Nd7
23.h4 Nf8 24.h5 Bd6 25.Bh3 Qe7 26.a4 b4 27.Rad1 Bc5 28.Bxc8 Raxc8 29.Kg2 Rcd8
30.Bc1 Rd6 31.Bb2 Bd4 32.Nxd4 exd4 33.f3 Red8 34.Bc1 Ne6 35.e5 Rd5 36.f4 Nc5
37.g6 d3 38.cxd3 Rxd3 39.Rxd3 Rxd3 40.Rf3 Rxf3 41.Qxf3 hxg6 42.hxg6 Qe6 43.gxf7+ Kxf7
44.Kf2 Qxb3 45.Qh5+ Kf8 46.Be3 Qc2+ 47.Kg3 Qd3 48.Kf2 Ne4+  0-1

[Event "Bankia tt"]
[Site "Bankia"]
[Date "1992.??.??"]
[Round "6"]
[White "Dolmadjan, Arshak"]
[Black "Avramov, Anton"]
[Result "1/2-1/2"]
[WhiteElo "2360"]
[BlackElo "2255"]

1.e4 d6 2.d4 Nf6 3.Nc3 c6 4.Nf3 Bg4 5.h3 Bh5 6.Be2 e6 7.O-O Be7 8.a4 d5 9.e5 Nfd7
10.Ne1 Bxe2 11.Nxe2 c5 12.c3 Nc6 13.f4 O-O 14.Nf3 Qb6 15.Kh2 cxd4 16.cxd4 Rac8
17.Bd2 Na5 18.Bc3  1/2-1/2

[Event "Bankia op"]
[Site "Bankia"]
[Date "1992.??.??"]
[Round "9"]
[White "Dimitrov, Vladimir"]
[Black "Zahariev, Zahari"]
[Result "1-0"]
[WhiteElo "2405"]
[BlackElo "2365"]

1.e4 d6 2.d4 Nf6 3.Nc3 c6 4.f4 Bg4 5.Qd3 g6 6.h3 Bc8 7.g4 b5 8.a3 a6 9.Bg2 Bb7
10.Be3 Qc7 11.Nge2 Nfd7 12.O-O Nb6 13.a4 N8d7 14.b3 Bg7 15.a5 Nc8 16.e5 O-O
17.Ne4 c5 18.c3 Rd8 19.Qb1 b4 20.dxc5 bxc3 21.N2xc3 dxe5 22.f5 Na7 23.b4 Rab8
24.fxg6 hxg6 25.Rxf7 Nf6 26.Ng5  1-0

[Event "Belfort op"]
[Site "Belfort"]
[Date "1992.??.??"]
[Round "8"]
[White "Nuvolini, Dominique"]
[Black "De Sousa, Jose"]
[Result "1/2-1/2"]
[WhiteElo "2205"]
[BlackElo "2395"]

1.d4 d6 2.e4 Nf6 3.Nc3 c6 4.Nf3 Bg4 5.Be2 Nbd7 6.Be3 Qc7 7.a4 e5 8.O-O Be7
9.Nd2 Bxe2 10.Qxe2 O-O 11.f4 exd4 12.Bxd4 Rfe8 13.Rae1 Bf8 14.Qc4 Qa5 15.b4 d5
16.bxa5 dxc4 17.Nxc4 Bb4 18.e5 c5 19.Rb1 cxd4 20.Rxb4 dxc3 21.exf6 Re2 22.Rxb7 Nxf6
23.Na3 Rd8 24.Rxa7 Rdd2 25.Ra8+ Ne8 26.Rf2 Re1+ 27.Rf1  1/2-1/2

[Event "Benidorm op"]
[Site "Benidorm"]
[Date "1992.??.??"]
[Round "4"]
[White "Spangenberg, Hugo"]
[Black "Danailov, Silvio"]
[Result "1/2-1/2"]
[WhiteElo "2305"]
[BlackElo "2445"]

1.e4 d6 2.d4 Nf6 3.Nc3 e5 4.dxe5 dxe5 5.Qxd8+ Kxd8 6.Bc4 Be6 7.Bxe6 fxe6
8.Be3 Bd6 9.f3 Ke7 10.O-O-O a6 11.Nh3 Nc6 12.Nf2 h6 13.Ne2 Raf8 14.c4 Nd7
15.Rd2 Rd8 16.Rhd1 Rhf8 17.Kb1 Nc5 18.Nc3 b6 19.Ng4 Nd7 20.Na4 Nd4 21.f4 Nc6
22.c5 Nxc5 23.Bxc5 Bxc5 24.Rxd8 Rxd8 25.Rxd8 Kxd8 26.Nxc5 bxc5 27.Nxe5 Nxe5
28.fxe5 Kd7 29.Kc2 Kc6 30.Kc3 Kb5 31.b3  1/2-1/2

[Event "Berliner Sommer"]
[Site "Berlin"]
[Date "1992.??.??"]
[Round "?"]
[White "Schulz, Michael"]
[Black "Agrest, Evgenij"]
[Result "0-1"]
[WhiteElo "2335"]
[BlackElo "2470"]

1.e4 d6 2.d4 Nf6 3.Nc3 c6 4.Be2 e5 5.Nf3 Nbd7 6.O-O Be7 7.h3 Qc7 8.a4 Nf8
9.Be3 Ne6 10.Qd2 h6 11.Rfd1 g5 12.d5 Nf4 13.Bxf4 gxf4 14.Nxe5 dxe5 15.d6 Bxd6
16.Qxd6 Qxd6 17.Rxd6 Ke7 18.Rdd1 Rg8 19.Kf1 a5 20.Bc4 f3 21.gxf3 Bxh3+ 22.Ke2 h5
23.Rh1 Bd7 24.Ke3 Rh8 25.Rh4 Rag8 26.Ne2 Rg5 27.Ng3 Ne8 28.Rd1 f6 29.c3 Ng7
30.Bd3 Be6 31.Bc2 Bf7 32.b4 Ra8 33.Rhh1 Be6 34.Rb1 axb4 35.Rxb4 Bc8 36.Bd3 Ra5
37.Nf5+ Nxf5+ 38.exf5 Kd6 39.Bc4 Rc5 40.Rd1+ Kc7 41.Be6 Rxc3+ 42.Ke4 h4 43.Rdb1 Bxe6
44.Rxb7+ Kd6 45.Rd1+ Bd5+  0-1

[Event "Bern op"]
[Site "Bern"]
[Date "1992.??.??"]
[Round "9"]
[White "Hebden, Mark"]
[Black "Panchenko, Alexander N"]
[Result "1-0"]
[WhiteElo "2500"]
[BlackElo "2460"]

1.d4 d6 2.e4 Nf6 3.Nc3 c6 4.Nf3 g6 5.Be3 Bg7 6.Qd2 O-O 7.Bh6 Bg4 8.Bxg7 Kxg7
9.O-O-O Qa5 10.h3 Bxf3 11.gxf3 b5 12.Kb1 Nbd7 13.h4 Nb6 14.h5 Rh8 15.h6+ Kf8
16.Qg5 Rb8 17.Bd3 Qb4 18.Ne2 Na4 19.Qc1 c5 20.c3 Qa5 21.e5 Ne8 22.Bc2 b4
23.Bxa4 Qxa4 24.exd6 exd6 25.dxc5 dxc5 26.Qf4 Rb6 27.Qe5 f6 28.Qxc5+ Kf7
29.Qc4+ Kf8 30.Nf4 Qc6 31.Qxc6 Rxc6 32.cxb4 g5 33.Nd5 Kf7 34.f4 Nc7 35.f5 Re8
36.Ne3 Re7 37.Rd8 Ne8 38.Rhd1 a6 39.a3 g4 40.Nxg4 Rc4 41.R1d4 Re1+ 42.Ka2 Rxd4
43.Rxd4 Ke7 44.Ne3 Rh1 45.Re4+ Kf7 46.Re6 Rxh6 47.Rxa6 Ke7 48.Re6+ Kd8 49.Ng4 Rh4
50.Nxf6 Ng7 51.Ra6 h5 52.Ra8+ Ke7 53.Nd5+ Kd6 54.Rd8+ Ke5 55.b5 Nxf5 56.b6  1-0

[Event "Biel op"]
[Site "Biel"]
[Date "1992.??.??"]
[Round "2"]
[White "Meijers, Viesturs"]
[Black "Wahls, Matthias"]
[Result "1-0"]
[WhiteElo "2375"]
[BlackElo "2540"]

1.e4 d6 2.d4 Nf6 3.Nc3 e5 4.Nf3 Nbd7 5.Be2 Be7 6.O-O O-O 7.Bg5 h6 8.Bh4 c6
9.Re1 Re8 10.Bf1 Qc7 11.Qd2 b5 12.a3 a6 13.Na2 Bf8 14.c4 Bb7 15.Nc3 Rac8
16.Rac1 Qb6 17.c5 dxc5 18.dxe5 Nxe5 19.Bxf6 gxf6 20.Nh4 Ng6 21.Nf5 Rcd8 22.Qe3 Kh7
23.Ne2 Qa5 24.Neg3 Qd2 25.Qb3 Ne5 26.Nh5 Re6 27.Red1 Qa5 28.Qh3 c4 29.Nhg3 c5
30.f3 Ng6 31.Nxh6 Nf4 32.Qg4 Ng6 33.Qh5 Re5 34.Ngf5 Rxf5 35.Nxf5+ Kg8 36.Qg4 Bc8
37.f4 c3 38.Rxc3 c4  1-0

[Event "Bled op"]
[Site "Bled"]
[Date "1992.??.??"]
[Round "2"]
[White "Vavpetic, Vide"]
[Black "Nevednichy, Vladislav"]
[Result "0-1"]
[WhiteElo "2220"]
[BlackElo "2470"]

1.e4 d6 2.d4 Nf6 3.Nc3 c6 4.a4 Qa5 5.Bd2 e5 6.Nf3 Bg4 7.d5 Qc7 8.b4 Be7 9.Be2 O-O
10.O-O cxd5 11.exd5 a6 12.Qb1 Nbd7 13.Qb3 Rfc8 14.Rfc1 Nb6 15.b5 a5 16.h3 Bxf3
17.Bxf3 Nfd7 18.Be2 Nc5 19.Qa2 Rf8 20.Nd1 f5 21.c4 e4 22.Qc2 Bf6 23.Ra3 Be5
24.Bc3 Nbd7 25.Ne3 g6 26.Qd2 Bxc3 27.Rcxc3 Ne5 28.Nc2 f4 29.Nd4 Qd7 30.Ne6 Nxe6
31.dxe6 Qxe6 32.Qd4 e3 33.f3 Rac8 34.c5 dxc5 35.Qe4 Qd6 36.Qxb7  0-1

[Event "Bled op"]
[Site "Bled"]
[Date "1992.??.??"]
[Round "4"]
[White "Mencinger, Vojko"]
[Black "Cander, Mitja"]
[Result "1-0"]
[WhiteElo "2365"]
[BlackElo "2230"]

1.e4 d6 2.d4 Nf6 3.Nc3 e5 4.Nf3 Nbd7 5.Bc4 Be7 6.O-O O-O 7.a4 c6 8.Ba2 Re8
9.Re1 Qc7 10.h3 h6 11.Be3 a5 12.Nd2 Nf8 13.d5 N8d7 14.Nc4 cxd5 15.Nxd5 Nxd5
16.Qxd5 Rf8 17.Red1 Nf6 18.Qd3 Ra6 19.Na3 Be6 20.f3 Qc8 21.Bc4 Ra8 22.Qb3 Bxc4
23.Nxc4 Qc6 24.Qb5 Rac8 25.b3 Rfd8 26.Bb6 Rd7 27.Bxa5 d5 28.Qxc6 bxc6 29.Nd2 Bc5+
30.Kh1 Bd4 31.c3 Be3 32.Nf1 Ba7 33.b4 Rb7 34.Re1 d4 35.c4 Bb8 36.Nd2 Bd6
37.c5 Be7 38.Nc4 Nd7 39.Nb6 Rcb8 40.Nxd7 Rxd7 41.Bb6 d3 42.Red1 Bg5 43.b5 cxb5
44.axb5 Rd4 45.Rab1 d2 46.Bc7 Rc8 47.Bxe5 Rc4 48.b6  1-0

[Event "Bled op"]
[Site "Bled"]
[Date "1992.??.??"]
[Round "6"]
[White "Rogulj, Branko"]
[Black "Nevednichy, Vladislav"]
[Result "0-1"]
[WhiteElo "2435"]
[BlackElo "2470"]

1.e4 d6 2.d4 Nf6 3.Nc3 e5 4.Nf3 Nbd7 5.Bc4 Be7 6.O-O O-O 7.a4 c6 8.Ba2 a5
9.h3 exd4 10.Nxd4 Nc5 11.Qf3 Qb6 12.Rd1 Be6 13.Nxe6 fxe6 14.Be3 d5 15.exd5 exd5
16.Bd4 Kh8 17.Qg3 Qd8 18.Qe3 Qd6 19.Be5 Qd7 20.Bc4 Rac8 21.Bxf6 Rxf6 22.Nxd5 cxd5
23.Rxd5 Qe6 24.Rd8+ Rxd8 25.Bxe6 Nxe6 26.Rf1 Bc5 27.Qe5 h6 28.Qe4 b6 29.c3 Ng5
30.Qb7 Re8 31.Kh1 Ne4 32.Qd7 Ng3+ 33.Kg1 Ref8 34.Rd1 Bxf2+ 35.Kh2 Ne2 36.h4 Bg3+
37.Kh3 Rg6 38.Rd4 Ng1+  0-1

[Event "Bled op (Women)"]
[Site "Bled"]
[Date "1992.??.??"]
[Round "6"]
[White "Grosar, Kiti"]
[Black "Stanciu, Gabriela"]
[Result "1-0"]
[WhiteElo "2080"]
[BlackElo "2250"]

1.e4 d6 2.d4 Nf6 3.Nc3 e5 4.dxe5 dxe5 5.Qxd8+ Kxd8 6.Bg5 Be6 7.O-O-O+ Kc8
8.g3 Nbd7 9.f4 Bg4 10.Be2 Bxe2 11.Ngxe2 Ng4 12.Rd2 f6 13.Bh4 Bc5 14.h3 Be3
15.hxg4 Bxd2+ 16.Kxd2 h6 17.f5 c6 18.Nc1 Kc7 19.Nd3 Rhe8 20.Na4 Rad8 21.Ke3 b6
22.b3 Kd6 23.Rd1 Ke7 24.Nab2 Kf8 25.Nc4 Nc5 26.Ncb2 Nb7 27.Rd2 b5 28.Rh2 Kf7
29.Rh1 Rd4 30.c3 Rd6 31.Rc1 c5 32.a4 bxa4 33.Ra1 axb3 34.Rxa7 Rd7 35.Ra3 Rc8
36.Nc4 Nd6 37.Nb6 Rb8 38.Nxd7 Nc4+ 39.Kf3 Nxa3 40.Nxb8 Nb5 41.Na6 c4 42.Nb2 Nxc3
43.Nc5 Nb5 44.Nxc4 Nd4+ 45.Ke3 Ke7 46.Kd3 b2 47.Nxb2 Kd6 48.Ne6  1-0

[Event "Bled op (Women)"]
[Site "Bled"]
[Date "1992.??.??"]
[Round "8"]
[White "Ankerst, Milka"]
[Black "Stanciu, Gabriela"]
[Result "0-1"]
[WhiteElo "2195"]
[BlackElo "2250"]

1.e4 d6 2.d4 Nf6 3.Nc3 e5 4.Nf3 Nbd7 5.Bc4 Be7 6.O-O O-O 7.Re1 c6 8.a4 a5
9.Ba2 Qb6 10.h3 exd4 11.Nxd4 Nc5 12.Nf5 Bxf5 13.exf5 Rfe8 14.b3 d5 15.Qf3 d4
16.Ne2 Nce4 17.Nf4 Bb4 18.Rf1 Bc3 19.Rb1 Rad8 20.Nd3 Nd5 21.b4 Nxb4 22.g4 Qc7
23.Bf4 Qd7 24.Rxb4 axb4 25.Ne5 Rxe5 26.Bxe5 Nd2 27.Qf4 Qe7 28.Kg2 Re8 29.Re1 Nf3
30.Kxf3 Bxe1 31.Bxd4 Qe2+ 32.Kg3 Qe4 33.Qxe4 Rxe4 34.Be3 Rxe3+  0-1

[Event "Bled op"]
[Site "Bled"]
[Date "1992.??.??"]
[Round "9"]
[White "Sermek, Drazen"]
[Black "Panchenko, Alexander N"]
[Result "1-0"]
[WhiteElo "2465"]
[BlackElo "2460"]

1.e4 d6 2.d4 Nf6 3.Nc3 e5 4.Nf3 Nbd7 5.Bc4 Be7 6.O-O O-O 7.a4 c6 8.a5 Rb8
9.Qe2 Qc7 10.Ng5 b5 11.axb6 Nxb6 12.dxe5 dxe5 13.Ba6 Bg4 14.Qe3 h6 15.h3 Bh5
16.Nf3 Nfd7 17.Nh2 Bg5 18.Qg3 Bf4 19.Qh4 Bg6 20.b3 Rfe8 21.Ne2 Bxc1 22.Rfxc1 Nc5
23.f3 f5 24.Qf2 Qe7 25.exf5 Bxf5 26.Ng3 Bg6 27.Re1 Qf8 28.Ng4 Ncd7 29.h4 Kh8
30.h5 Bh7 31.Bf1 Rb7 32.Rad1 Nd5 33.Bd3 N5f6 34.Nxf6 Nxf6 35.Bxh7 Kxh7 36.Ra1 Qf7
37.Nf5 Rd7 38.Ng3 Nxh5 39.Nxh5 Qxh5  1-0

[Event "SWE-chB"]
[Site "Borlange"]
[Date "1992.??.??"]
[Round "4"]
[White "Moberg, Karl Johan"]
[Black "Eriksson, Jorgen"]
[Result "1-0"]
[WhiteElo "2320"]
[BlackElo "2220"]

1.e4 d6 2.d4 Nf6 3.Nc3 c6 4.Nf3 Bg4 5.h3 Bh5 6.g4 Bg6 7.e5 dxe5 8.Nxe5 Nbd7
9.f4 e6 10.Bg2 Nxe5 11.fxe5 Nd5 12.O-O Nxc3 13.bxc3 Be7 14.a4 h5 15.Ba3 hxg4
16.Qxg4 Rh4 17.Qg3 Rh5 18.Rfb1 Bxa3 19.Rxa3 Be4 20.Qg4 Bg6 21.Rxb7 Rg5 22.Qf4 c5
23.Rab3 Rc8 24.Kh2 cxd4 25.Bc6+ Rxc6 26.Rb8 Rc8 27.Rxc8 Qxc8 28.Qxg5 Bxc2
29.Rb2 d3 30.Qxg7 Qc7 31.Rb8+ Qxb8 32.Qg8+ Ke7 33.Qxb8 f6 34.Qxa7+ Kf8 35.exf6  1-0

[Event "Bozen op"]
[Site "Bozen"]
[Date "1992.??.??"]
[Round "3"]
[White "Rashkovsky, Nukhim N"]
[Black "Efimov, Igor"]
[Result "1/2-1/2"]
[WhiteElo "2520"]
[BlackElo "2470"]

1.d4 d6 2.e4 Nf6 3.Nc3 c6 4.f4 Qa5 5.e5 Ne4 6.Qf3 Bf5 7.Bd3 Nxc3 8.Bxf5 Nd5+
9.Bd2 Qb6 10.Ne2 e6 11.Be4 f5 12.exf6 Nxf6 13.Bd3 Nbd7 14.Qh3 O-O-O 15.O-O-O Re8
16.g4 Be7 17.g5 Nd5 18.f5 exf5 19.Bxf5 Qc7 20.Be6 Bd8 21.c4 Ne7 22.Kb1 Ng6
23.d5 Kb8 24.Bxd7 Rxe2 25.dxc6 Ne5 26.Bg4 Nxg4 27.Qxg4 Rhe8 28.Rhe1  1/2-1/2

[Event "Bozen op"]
[Site "Bozen"]
[Date "1992.??.??"]
[Round "4"]
[White "Laketic, Gojko"]
[Black "Malaniuk, Vladimir P"]
[Result "1/2-1/2"]
[WhiteElo "2480"]
[BlackElo "2550"]

1.e4 d6 2.d4 Nf6 3.Nc3 e5 4.Nf3 Nbd7 5.Bc4 Be7 6.O-O O-O 7.Re1 c6 8.a4 a5
9.Bf1 Re8 10.b3 Qc7 11.Bb2 Nf8 12.Nb1 Ng6 13.Nbd2 Bf8 14.h3  1/2-1/2

[Event "Brno"]
[Site "Brno"]
[Date "1992.??.??"]
[Round "2"]
[White "Dreev, Alexey"]
[Black "Stangl, Markus"]
[Result "1-0"]
[WhiteElo "2590"]
[BlackElo "2475"]

1.d4 d6 2.e4 Nf6 3.Nc3 e5 4.dxe5 dxe5 5.Qxd8+ Kxd8 6.Nf3 Bd6 7.Bc4 Be6 8.Bb3 Nbd7
9.Be3 Bb4 10.Ng5 Bxb3 11.axb3 Ke7 12.f3 c6 13.Ke2 Bc5 14.Bxc5+ Nxc5 15.b4 Ncd7
16.Nd1 Nh5 17.g3 g6 18.Ne3 Nb6 19.Nh3 Ng7 20.Nf2 Ne6 21.c3 Nc8 22.b5 Nb6
23.bxc6 bxc6 24.Ra5 Rhb8 25.Nd3 f6 26.h4 h5 27.f4 Nd7 28.Rha1 Rb7 29.b4 exf4
30.gxf4 Ng7 31.Kf3 Kf7 32.Nc4 Rc7 33.R1a2 Ne6 34.f5 Ng7 35.fxg6+ Kxg6 36.Nf4+ Kh6
37.Ra1 Rf8 38.Ke3 Nb6 39.Nxb6 axb6 40.Ra8 Re8 41.Kf3 Rce7 42.Rxe8 Nxe8 43.Rd1 Re5
44.Rd8 c5 45.bxc5 bxc5 46.Nd3 Re6 47.Nf4 Re5 48.Nd3 Re6 49.Rd5 c4 50.Nf4 Re5
51.Ke3 Nc7 52.Rd6 Ne8 53.Rc6 Kg7 54.Kd4 Kf7 55.Rc5 Rxc5 56.Kxc5 Ng7 57.Kxc4 Ke7
58.Kd5 Kd7 59.c4  1-0

[Event "Brussels SWIFT blitz"]
[Site "Brussels"]
[Date "1992.??.??"]
[Round "?"]
[White "Beliavsky, Alexander G"]
[Black "Christiansen, Larry Mark"]
[Result "1-0"]
[WhiteElo "2620"]
[BlackElo "2595"]

1.d4 d6 2.e4 Nf6 3.Nc3 c6 4.Nf3 Bg4 5.Be2 Nbd7 6.O-O e6 7.h3 Bxf3 8.Bxf3 Be7
9.Be3 O-O 10.Qe2 d5 11.g3 a5 12.Bg2 a4 13.f4 dxe4 14.Nxe4 Qa5 15.c4 Rad8
16.Kh2 Nxe4 17.Bxe4 g6 18.Bg2 Bf6 19.Rad1 Rfe8 20.Bd2 Qa6 21.Bc3 Bg7 22.b3 Nf6
23.Qb2 Nd7 24.d5 a3 25.Qc2 Bxc3 26.Qxc3 exd5 27.cxd5 c5 28.Rd2 Qd6 29.Qc1 h5
30.Kh1 Re3 31.Rf3 Rxf3 32.Bxf3 h4 33.Qe1 Nf6 34.Kg2 Re8 35.Qf2 hxg3 36.Qxg3 Re3
37.Qg5 b5 38.h4 c4 39.bxc4 bxc4 40.h5 c3 41.Rf2 Rxf3 42.Kxf3 Nxh5 43.Qe5 Qc5
44.Rc2 Qc4 45.Rxc3 Qf1+ 46.Ke3 Kh7 47.Rc8 Ng7 48.Rc2 Nf5+ 49.Kd2 Qh3 50.d6 Qg2+
51.Kc3 Qc6+ 52.Kb3 Qf3+ 53.Kb4 Qg3 54.d7 Qh4 55.Rd2 Qd8 56.Rh2+ Nh4 57.Qd6 g5
58.fxg5 Qxg5 59.Qd4 Qe7+ 60.Ka4 Qxd7+ 61.Qxd7  1-0

[Event "Bucharest-B"]
[Site "Bucharest"]
[Date "1992.??.??"]
[Round "?"]
[White "Munteanu, Alexandru"]
[Black "Stefanov, Parik"]
[Result "1/2-1/2"]
[WhiteElo "2330"]
[BlackElo "2335"]

1.e4 d6 2.d4 Nf6 3.Nc3 c6 4.Nf3 Bg4 5.Be2 e6 6.Be3 Be7 7.e5 Nd5 8.Nxd5 cxd5
9.O-O Nc6 10.c3 O-O 11.Bf4 Rc8 12.exd6 Bxd6 13.Ne5 Bxe2 14.Qxe2 Qc7 15.Rfe1 Rfe8
16.Bg3 Bxe5 17.Bxe5 Nxe5 18.dxe5 Qc4 19.Qh5 Qd3 20.Rad1 Qc2 21.Qe2 Qxe2 22.Rxe2 Rc4
23.Rd4 Rec8 24.Red2 f6 25.f4 Kf7 26.exf6 gxf6 27.f5 R8c5 28.fxe6+ Kxe6  1/2-1/2

[Event "Elekes mem"]
[Site "Budapest"]
[Date "1992.??.??"]
[Round "2"]
[White "Tolnai, Tibor"]
[Black "Sievers, Stefan"]
[Result "1/2-1/2"]
[WhiteElo "2490"]
[BlackElo "2365"]

1.e4 d6 2.d4 Nf6 3.Nc3 e5 4.dxe5 dxe5 5.Qxd8+ Kxd8 6.Bc4 Be6 7.Bxe6 fxe6
8.Nge2 Nc6 9.Be3 Ng4 10.Bg5+ Be7 11.Bxe7+ Kxe7 12.h3 Nf6 13.O-O-O Rad8 14.f3 a6
15.Rxd8 Rxd8 16.Rd1 Nd4  1/2-1/2

[Event "Donau Cup op"]
[Site "Budapest"]
[Date "1992.??.??"]
[Round "5"]
[White "Rovid, Kalman"]
[Black "Okhotnik, Vladimir"]
[Result "0-1"]
[WhiteElo "2270"]
[BlackElo "2380"]

1.e4 d6 2.d4 Nf6 3.Nc3 c6 4.a4 g6 5.Nf3 Bg7 6.h3 O-O 7.Be2 Qc7 8.O-O Nbd7
9.Be3 e5 10.dxe5 Nxe5 11.Nxe5 dxe5 12.Qc1 Re8 13.Rd1 Be6 14.Qd2 Red8 15.Qe1 h6
16.Qf1 Rxd1 17.Rxd1 Nd7 18.Bc4 Nf8 19.Bc5 Bxc4 20.Qxc4 Ne6 21.Bd6 Qb6 22.b4 a5
23.b5 Rd8 24.Rd3 Kh7 25.Ba3 Rd4 26.Rxd4 exd4 27.Nb1 cxb5 28.axb5 Qd8 29.Nd2 Kg8
30.Kf1 Bf8 31.Bxf8 Kxf8 32.g3 b6 33.Nb3 Ke7 34.Ke2 f5 35.exf5 gxf5 36.h4 Qa8
37.f3 Qg8 38.Kf2 Qd8 39.Qd3 Qd5 40.c4 Qe5 41.f4 Qe4 42.Qxe4 fxe4 43.f5 a4
44.Na1 Nc5 45.Nc2 e3+ 46.Kf3 Nb3 47.g4 Kf6 48.Kf4 d3 49.Nxe3 a3 50.Nd5+ Kf7
51.Nc3 d2 52.Ke3 a2  0-1

[Event "Wch U20"]
[Site "Buenos Aires"]
[Date "1992.??.??"]
[Round "?"]
[White "Vescovi, Giovanni"]
[Black "Hsu Li Yang"]
[Result "0-1"]
[WhiteElo "2340"]
[BlackElo "2455"]

1.e4 d6 2.d4 Nf6 3.Nc3 e5 4.Nf3 Nbd7 5.Bc4 Be7 6.Bxf7+ Kxf7 7.Ng5+ Kg8 8.Ne6 Qe8
9.Nxc7 Qg6 10.Nxa8 Qxg2 11.Rf1 exd4 12.Qe2 dxc3 13.Qc4+ d5 14.Qxc8+ Kf7 15.Qxb7 Qxe4+
16.Be3 Rb8 17.Qc6 cxb2 18.Rb1 Ne5  0-1